Statistics for Movie Decoder #5

Click here to take the quiz!

General Stats

  • This quiz has been taken 113 times
  • The average score is 18 of 27

Answer Stats

ClueAnswer% Correct
A"Planet of the ____", 1968 film starring Charlton HestonApes
96%
UAnimation which sees an old man moves his house to South America using balloonsUp
95%
E"Pirates of the Caribbean: At World's ___", third movie in the series released in 2007End
93%
L"I Know What You Did ____ Summer", 1997 slasher movie with Jennifer Love HewittLast
93%
I2004 Pixar animation about a family superheroesIncredibles, the
90%
WPixar animation about a garbage collecting robotWALL-E
88%
Y"___ Got Mail", 1998 rom-com starring Tom Hanks and Meg RyanYou've
86%
E"____ Brockovich", biographical movie starring Julia RobertsErin
82%
SHero portrayed most famously by Christopher ReeveSuperman
81%
SAction star of "The Terminator" and "Predator"Schwarzenegger, Arnold
80%
A"San _______", 2015 American disaster film with Dwayne JohnsonAndreas
77%
BAnti-hero of "The Dark Knight"Batman
75%
E"E.T. The ___", 1982 American science fiction film directed by Steven SpielbergExtraterrestrial
74%
BActor who played the title role in The GodfatherBrando, Marlon
73%
AActor who featured in "The Santa Clause" and its sequelsAllen, Tim
69%
HRomantic comedy from 2005 featuring Will Smith as the titular characterHitch
65%
T1996 disaster movie starring Helen Hunt and Bill PaxtonTwister
60%
TActress who starred in "Cleopatra" and "The Sandpiper" in the 1960'sTaylor, Elizabeth
59%
I2014 science fiction movie directed by Christopher NolanInterstellar
58%
TCharacter in the Matrix trilogy played by Carrie-Anne MossTrinity
56%
"It was beauty killed the beast."
46%
EJennifer Garner plays the titular character in this Daredevil spinoffElektra
44%
King Kong
37%
KActor who played Doc Holliday in the 1993 western "Tombstone"Kilmer, Val
35%
TSeries of films based on the popular Hasbro childrens toys Transformers
33%
DActor best known for his role as Gomer Pyle in "Full Metal Jacket"D'Onofrio, Vincent
22%
LCharacter played by Matt Damon in "Dogma"Loki
12%

Score Distribution

Percentile by Number Answered

Percent of People with Each Score

Your Score History

You have not taken this quiz